| 000 | 00526nam a2200121Ia 4500 | ||
|---|---|---|---|
| 008 | 171212s9999 xx 000 0 und d | ||
| 245 |
_ceditor Cardinal, Linda;Brown, Nicholas _aManaging Diversity _bPractices of Citizenship |
||
| 260 |
_bUniversity of Ottawa Press _c2007 |
||
| 440 | _aGovernance Series | ||
| 650 | _aMulticulturalism -- Canada -- Congresses; Multiculturalism -- Australia -- Congresses; Multiculturalism -- Ireland -- Congresses | ||
| 650 | _aPolitical Science | ||
| 856 | _uhttp://jstor.org/stable/j.ctt1ckpcm2 | ||
| 999 |
_c353013 _d353013 |
||